00407nam a2200145Ia 4500008004100000020001500041041001200056082001600068100001900084245008900103260002900192300000800221650001600229700001600245221030s9999 xx 000 0 und d a0074624717 aEnglish a105.23bTre aJ. P. Tremblay 3aAn Introduction To Data Structures With Applicationscby J. P. Tremblay, P. Sorenson bUBS PubaNew Delhic2001 a861 aBE Computer aP. Sorenson